[Event "Teteven op 30th"]
[Site "Teteven"]
[Date "2015.08.14"]
[Round "7"]
[White "Dzanev, Georgi"]
[Black "Georgiev, Nikolay"]
[Result "1-0"]
[WhiteElo "2051"]
[BlackElo "1567"]
[PlyCount "65"]
[EventDate "2015.08.10"]
[EventType "swiss"]
[EventRounds "9"]
[EventCountry "BUL"]
[SourceTitle "CBM 167 Extra"]
[Source "ChessBase"]
[SourceDate "2015.09.14"]
[SourceVersion "1"]
[SourceVersionDate "2015.09.14"]
[SourceQuality "1"]

1. d4 d5 2. c4 c6 3. Nc3 Nf6 4. Nf3 dxc4 5. a4 Bf5 6. Ne5 e6 7. f3 Bb4 8. e4 Bxe4 9. fxe4 Nxe4 10. Qf3 Qxd4 11. Qxf7+ Kd8 12. Bg5+ Kc8 13. Qxe6+ Nd7 14. Qxd7+ Qxd7 15. Nxd7 Nxg5 16. 0-0-0 Bxc3 17. bxc3 Rd8 18. Ne5 Rxd1+ 19. Kxd1 Ne4 20. Kc2 b5 21. Nxc6 a6 22. Be2 Kc7 23. Nd4 Nd6 24. Ra1 Rg8 25. Bf3 Kb6 26. axb5 axb5 27. Ra8 Rxa8 28. Bxa8 Ka5 29. Kb2 Ka4 30. Bc6 g5 31. g4 h6 32. Ka2 Ka5 33. Ka3 1-0

[Event "Teteven op 23rd"]
[Site "Teteven"]
[Date "2008.08.17"]
[Round "2"]
[White "Naidenova, Jordanka"]
[Black "Dzanev, Georgi"]
[Result "1-0"]
[WhiteElo "1907"]
[BlackElo "2212"]
[PlyCount "75"]
[EventDate "2008.08.16"]
[EventType "swiss"]
[EventRounds "9"]
[EventCountry "BUL"]
[SourceTitle "CBM 126 Extra"]
[Source "ChessBase"]
[SourceDate "2008.11.05"]
[SourceVersion "1"]
[SourceVersionDate "2008.11.05"]
[SourceQuality "1"]

1. e4 c5 2. Nf3 Nc6 3. d4 cxd4 4. Nxd4 e5 5. Nb5 d6 6. N1c3 a6 7. Na3 Nf6 8. Bg5 Be7 9. Bxf6 Bxf6 10. Nd5 b5 11. c3 0-0 12. Nc2 Rb8 13. Be2 a5 14. a3 Bg5 15. Nce3 Be6 16. 0-0 Bxe3 17. Nxe3 Ne7 18. Qd2 Qb6 19. Rfd1 Bb3 20. Rdc1 Rfd8 21. c4 bxc4 22. Bxc4 a4 23. Rc3 Qd4 24. Qd3 Bxc4 25. Nxc4 d5 26. exd5 Nxd5 27. Qxd4 exd4 28. Rd3 Nf4 29. Rd2 d3 30. g3 Rd4 31. Ne5 Ne2+ 32. Kf1 Re4 33. Nxd3 Nd4 34. Nc5 Nb3 35. Nxe4 Nxa1 36. Nc3 Nb3 37. Rd5 Kf8 38. Nxa4 1-0